IFM Opac

Auditing and Assurance Services: An Intergrated Approach (Record no. 22116)

MARC details
000 -LEADER
fixed length control field 00487nam a22001817a 4500
020 ## - INTERNATIONAL STANDARD BOOK NUMBER
ISBN 978-1-292-44898-5
082 ## - DEWEY DECIMAL CLASSIFICATION NUMBER
Classification number 657.42
100 ## - MAIN ENTRY--AUTHOR NAME
Personal name Arens, Alvin A....[et al]
245 ## - TITLE STATEMENT
Title Auditing and Assurance Services: An Intergrated Approach
250 ## - EDITION STATEMENT
Edition statement 18th
260 ## - PUBLICATION, DISTRIBUTION, ETC. (IMPRINT)
Place of publication Harlow:
Name of publisher Pearson Education,
Year of publication 2024
300 ## - PHYSICAL DESCRIPTION
Number of Pages 922p.: ill.; 28cm
500 ## - GENERAL NOTE
General note Includes Index
700 ## - ADDED ENTRY--PERSONAL NAME
Personal name Elder, Randal J.
700 ## - ADDED ENTRY--PERSONAL NAME
Personal name Beasley, Mark S.
700 ## - ADDED ENTRY--PERSONAL NAME
Personal name Hogan, Chris E.
942 ## - ADDED ENTRY ELEMENTS (KOHA)
Koha item type Books
Holdings
Withdrawn status Lost status Damaged status Not for loan Collection code Permanent Location Current Location Shelving location Date acquired Source of acquisition Full call number Accession Number Price effective from Koha item type
        Non-fiction IFM Main Campus Library IFM Main Campus Library Work Room processing 12/22/2025 Purchase 657.45 AUD 0000030449 12/22/2025 Books
        Non-fiction IFM Main Campus Library IFM Main Campus Library Work Room processing 12/22/2025 Purchase 657.45 AUD 0000030448 12/22/2025 Books
        Non-fiction IFM Main Campus Library IFM Main Campus Library Work Room processing 12/22/2025 Purchase 657.45 AUD 0000030447 12/22/2025 Books